1373 1739 1701 1302 1149 1393 1479 1419 1815 1801 1530 1264 1445 1846 1267 1914 1444 1156 1451 1857 1141 1317 1742 1197 1339 1820 1491 1404 1561 1266 1312 1469 1834 1901 1083 1886 1006 1846 1940 1306 1040 1148 1209 1467 1801 1598 1915 1870 1692 1032 1528 1000 1121 1283 1889 1339 1715 1460 1038 1695 1661 1954 1359 1323 1593 1827 1274 1656 1674 1456 1529 1492 1282 1168 1880 1161 1155 1116 1937 1566 1795 1651 1220 1465 1246 1457 1716 1018 1901 1319 1049 1321 1595 1719 1877 1061 1678 1741 1020 BCNSPRNW ULIB Ver.6.0+V

เปลี่ยนเป็นภาษาไทย

Change to English
 แสดงรายละเอียดบรรณานุกรม
  กลับหน้าหลัก

Brief Record : Get Marc (ISO 2709) : E-mail record : QR code < ปิดหน้าต่าง
LEADER : 00000nam 2200000uu 4500
001    13399114851
003     ULIB
008    120110s2553||||th 000 0 tha d
099    วจ.WA590^bจ322พ
100 0  จารุณี วาระหัส
245 00 พฤติกรรมส่งเสริมสุขภาพของผู้สูงอายุชมรมผู้สูงอายุ วิทยาลัยพยาบาลบรมราชชนนี สงขลา/^cจารุณี วาระหัส และ อริสา จิตต์วิบูลย์
260    สงขลา :^bวิทยาลัยพยาบาลบรมราชชนนี สงขลา,^c2553
300    66 หน้า :^bตาราง
500    รายงานการวิจัย
650  7 ส่งเสริมสุขภาพผู้สูงอายุ^xวิจัย
700 02 อริสา จิตต์วิบูลย์
710 1  วิทยาลัยพยาบาลบรมราชชนนี สงขลา
945    ^p0^l0^i027787
995    ทศพร
999 ^a ทศพร
รายการนี้ยังไม่มีแท็ก
คุณยังไม่ได้ล็อกอิน คุณสามารถมีกิจกรรมร่วมกับเว็บไซต์ได้ แต่ต้องล็อกอินก่อน ::
  ล็อกอิน

รายการสื่อสารสนเทศ

ลำดับที่ ประเภท เลขเรียก/บาร์โค้ด สถานที่ สถานะ
1. งานวิจัย
งานวิจัย
วจ.WA590 จ322พ ฉ.1 
  Barcode: 027787
ห้องสมุดวิทยาเขตสวรรค์ประชารักษ์
►วิจัย
บนชั้น

รายการใกล้เคียง
    ผู้แต่ง [จารุณี วาระหัส]

BibComment


ยังไม่เคยถูกคอมเมนท์

คอมเมนท์ทรัพยากรรายการนี้
  คอมเมนท์: พฤติกรรมส่งเสริมส..


 Copyright 2026. Bcnsprnw @Library